| 000 | 00548nam a22002057a 4500 | ||
|---|---|---|---|
| 005 | 20260521111346.0 | ||
| 008 | 260521b |||||||| |||| 00| 0 eng d | ||
| 020 | _a 978-1-119-44811-2 | ||
| 082 |
_a332.106 _bHUL-R |
||
| 100 | _aHull, John C. | ||
| 245 | _aRisk Management and Financial Institutions | ||
| 250 | _a5th Ed | ||
| 260 |
_aHoboken,NJ _bJohn Wiley & Sons,Inc _c2018 |
||
| 300 | _a830 p. | ||
| 500 | _aIncludes index. | ||
| 650 | _aRisk management. | ||
| 650 | _aFinancial institutions | ||
| 650 | _aManagement | ||
| 942 | _cBK | ||
| 999 |
_c47621 _d47621 |
||